000
00353nam a2200145Ia 4500
008
230718s9999 xx 000 0 und d
041
_a
Eng.
082
_a
39554
_b
JUS-G
100
_a
Justice, Mughal Munir
245
0
_a
ghair qanoni bedakhli ka qanoon
260
_a
Pakistan
_b
Muneeb Book House
_c
2005
300
_a
332
650
_a
Law
999
_c
28390
_d
28390